00388nam a22001217a 4500020001600000082000800016100002100024245009700045260003600142300002400178650003700202700002700239 qHard Cover. a621 aHaider, Muhammad aMulti-Domain Modeling of Pan Tilt Platform with Mechanical Imperfections /cMuhammad Haider. aIslamabad:bCEME - NUST,c2013. a83 p.: ill.;c30cm. aMechanical Engineering MS-Thesis aDr. Syed Waheed Ul Haq